Antología de poesía contemporánea : (Registro nro. 7383)
[ vista simple ]
| 000 -CABECERA | |
|---|---|
| Longitud fija campo de control | 00895nam a2200205Ia 4500 |
| 008 - • CÓDIGOS DE INFORMACIÓN DE LONGITUD FIJA | |
| Códigos de información de longitud fija | 161108s9999 xx 000 0 und d |
| 020 ## - • NÚMERO INTERNACIONAL NORMALIZADO PARA LIBROS | |
| Número Internacional Normalizado para Libros (ISBN) | 9789588296340 |
| 040 ## - FUENTE DE LA CATALOGACIÓN | |
| Centro catalogador de origen | CO-BoRNBP |
| Lengua de catalogación | spa |
| Normas de descripción | rda |
| Centro transcriptor | CO-BoRNBP |
| 084 ## - • Clasificación Local Alfanúmerica PNLB | |
| Número de clasificación | P ANT41 |
| 245 ## - • TITULO PROPIAMENTE DICHO | |
| Título | Antología de poesía contemporánea : |
| Resto del título | México y Colombia / |
| Mención de responsabilidad, etc. | selección y prólogo Federico Díaz-Granados |
| 250 ## - • MENCIÓN DE EDICIÓN | |
| Mención de edición | Primera edición |
| 264 ## - PRODUCCIÓN, PUBLICACIÓN , DISTRIBUCIÓN, FABRICACIÓN Y COPYRIGHT | |
| Lugar de producción, publicación, distribución, fabricación | Bogotá : |
| Nombre del productor, editor, distribuidor, fabricante | Cangrejo |
| 300 ## - • DESCRIPCIÓN FÍSICA | |
| Extensión | 351 páginas ; |
| Dimensiones | 24 cm |
| 336 ## - TIPO DE CONTENIDO | |
| Término de tipo de contenido | texto |
| Código de tipo de contenido | txt |
| Fuente | rdacontent |
| 337 ## - TIPO DE MEDIO | |
| Nombre del tipo de medio | sin mediación |
| Código del tipo de medio | n |
| Fuente | rdamedia |
| 338 ## - TIPO DE SOPORTE | |
| Nombre del tipo de soporte | volumen |
| Código del tipo de soporte | nc |
| Fuente | rdacarrier |
| 650 ## - • PUNTO DE ACCESO ADICIONAL DE MATERIA - TÉRMINO DE MATERIA | |
| Término de materia o nombre geográfico como elemento inicial | Literatura Mexicana - Siglo Xx / Literatura Colombiana - Siglo Xx / Poesia Mexicana - Siglo Xx - Antologias / Poesia Colombiana - Siglo Xx - Antologias / Autores Mexicanos - Siglo Xx / Autores Colombianos - Siglo Xx / Identidad Cultural - Poesia |
| 700 ## - • PUNTO DE ACCESO ADICIONAL - NOMBRE DE PERSONA | |
| Nombre de persona | Díaz-Granados, Federico, 1974- |
| 942 ## - ENTRADA DE ELEMENTOS AGREGADOS (KOHA) | |
| Fuente de clasificaión o esquema | |
No hay ítems disponibles.